000 01055nam a2200337 i 4500
003 EG-GICUC
005 20260121101742.0
008 260119s1933 us ||||fr|||| 001 0 eng d
040 _aEG-GiCUC
_beng
_cEG-GiCUC
_dEG-GiCUC
_erda
041 _aeng
082 0 4 _221
_a341.3051
_bPO . C
092 0 4 _221
099 _aLaw1 11 341.3051 PO . C 1933
100 0 _a POLLARD, ROBERT T.
_eAuthor.
245 1 0 _aChina's Foreign Relations 1917-1931 /
_c BY ROBERT T. POLLARD.
264 1 _aNew York :
_b The Macmillan Company,
_c1933.
300 _a416 pages,
_c24 cm
336 _2rda content
_atext
337 _2rda media
_aComputer
338 _2rda carrier
_aOnline Resource
500 _aIncludes index.
504 _aBibliography: pages 200-250.
546 _aText in English
650 1 4 _aForeign relations
_2qrmak
_xChina
650 1 4 _aInternational law
_2qrmak
650 1 4 _aPublic international law
_2qrmak
651 1 _2qrmak
856 4 0 _uhttps://fll.law.cu.edu.eg/fulltext/bks/B11-06976.pdf
905 _a79
942 _2ddc
_cBK
_e21
_n0
999 _c57937
_d57937